Aplikácia medzinárodných účtovných štandardov vo výučbe účtovníctva na vysokých školách ekonomického zamerania

Podrobná analýza súčasných teoreticko-metodologických prístupov k riešeniu zásadných problémov účtovníctva vrátane analýzy aplikácie medzinárodných účtovných štandardov v národnej úprave účtovníctva SR.

Guardado en:
Detalles Bibliográficos
Autor principal: Kovalčíková, Antónia
Formato: Capítulo de libro
Lenguaje:eslovaco
Materias:
Etiquetas: Agregar Etiqueta
Sin Etiquetas, Sea el primero en etiquetar este registro!

MARC

LEADER 00000naa$a2200000$$$4500
001 0042292
005 20240502071514.1
041 0 |a slo 
044 |a SK 
245 1 0 |a Aplikácia medzinárodných účtovných štandardov vo výučbe účtovníctva na vysokých školách ekonomického zamerania  |c Antónia Kovalčíková 
520 |a Podrobná analýza súčasných teoreticko-metodologických prístupov k riešeniu zásadných problémov účtovníctva vrátane analýzy aplikácie medzinárodných účtovných štandardov v národnej úprave účtovníctva SR. 
610 2 0 |a účtovníctvo 
610 2 0 |a štandardy účtovné medzinárodné 
610 2 0 |a predmety učebné 
610 2 0 |a vzdelávanie 
610 2 0 |a školy vysoké 
100 1 |a Kovalčíková, Antónia